Normal view MARC view
  • Gangawane Aditi (2k81040)

Entry Personal Name

Number of records used in: 1

001 - CONTROL NUMBER

  • control field: 101966

003 - CONTROL NUMBER IDENTIFIER

  • control field: OSt

005 - DATE AND TIME OF LATEST TRANSACTION

  • control field: 20221007215907.0

008 - FIXED-LENGTH DATA ELEMENTS

  • fixed length control field: 221007|| aca||aabn | a|a d

040 ## - CATALOGING SOURCE

  • Original cataloging agency: OSt
  • Transcribing agency: OSt

100 ## - HEADING--PERSONAL NAME

  • Personal name: Gangawane Aditi (2k81040)

670 ## - SOURCE DATA FOUND

  • Source citation: Work cat.: (OSt)69121: Gangawane Aditi (2k81040), Business Development with Reference to Organic Farming Products Using Nano Technology, 2010